000 00601nam a2200229Ia 4500
003 OSt
005 20220928102638.0
006 a|||||r|||| 00| 0
007 ta
008 220927b |||||||| |||| 00| 0 eng d
024 _a52071
037 _cTextual
040 _aSDCL
_cSDCL
_beng
041 _2eng
_aeng
082 _aO152,3M99,1, L1
100 _aVajpaye Bhagwati Prasad
_9393716
245 0 _aPushp Ghandha.
260 _aDelhi
_bRajpal
_c1971
300 _a172p.
_ccm.
942 _hO152,3M99,1, L1
_cTEXL
_2CC
999 _c715453
_d715453